| 000 | 00611nam a2200169 a 4500 | ||
|---|---|---|---|
| 008 | 120416s1997 ||||||||||||||||| || u | ||
| 020 | _a0582074843 | ||
| 050 | _aQD 505.5 Pag | ||
| 100 | _aPage, Michael | ||
| 245 | 1 | 0 | _aOrganic and bio-organic mechanisms |
| 260 |
_aLondon _bLongman _c1997 |
||
| 350 | _a0.00 | ||
| 650 | 0 | _aCHEMISTRY, ORGANIC | |
| 650 | 0 | _aCHEMISTRY--HANDBOOKS, MANUALS, ETC | |
| 650 | _aORGANIC REACTION MECHANISMS | ||
| 995 |
_D0.00 _FCBU-MAIN LIBRARY (Kitwe) _H1 _I15.90 _M1 _UAVAILABLE _WMar 14, 2007 _ZMain Library Open Access Collection |
||
| 999 |
_c52776 _d52776 |
||